[Event "Women's Baku Chess Olympiad"]
[Site "chess24.com"]
[Date "2016.09.10"]
[Round "8"]
[White "Eric, Jovana"]
[Black "Agbabishvili, Lali"]
[Result "1-0"]
[Board "3"]
[WhiteID "938238"]
[WhiteElo "2161"]
[WhiteTitle "WIM"]
[WhiteCountry "SRB"]
[WhiteFideId "938238"]
[WhiteEloChange "7"]
[BlackID "2613433"]
[BlackElo "2064"]
[BlackCountry "CAN"]
[BlackFideId "2613433"]
[BlackEloChange "-7"]

1. e4 {[%clk 1:30:58]} c5 {[%clk 1:30:56]} 2. Nf3 {[%clk 1:31:23]} d6 {[%clk
1:31:19]} 3. d4 {[%clk 1:31:48]} cxd4 {[%clk 1:31:44]} 4. Nxd4 {[%clk 1:32:15]}
Nf6 {[%clk 1:32:09]} 5. Nc3 {[%clk 1:32:40]} a6 {[%clk 1:32:36]} 6. Be3 {[%clk
1:32:49]} Ng4 {[%clk 1:32:31]} 7. Bg5 {[%clk 1:32:24]} h6 {[%clk 1:32:56]} 8. Bh4
{[%clk 1:32:42]} g5 {[%clk 1:33:05]} 9. Bg3 {[%clk 1:33:07]} Bg7 {[%clk 1:33:19]}
10. h3 {[%clk 1:32:40]} Ne5 {[%clk 1:32:56]} 11. f3 {[%clk 1:31:17]} Nbc6 {[%clk
1:32:44]} 12. Bf2 {[%clk 1:31:21]} Bd7 {[%clk 1:29:47]} 13. Qd2 {[%clk 1:28:53]}
Rc8 {[%clk 1:08:17]} 14. Nd5 {[%clk 1:18:44]} e6 {[%clk 0:56:00]} 15. Nf5 {[%clk
1:11:33]} exf5 {[%clk 0:40:05]} 16. Bb6 {[%clk 1:11:34]} O-O {[%clk 0:40:24]} 17.
Bxd8 {[%clk 1:11:45]} Rcxd8 {[%clk 0:40:49]} 18. O-O-O {[%clk 1:10:02]} f4 {[%clk
0:40:42]} 19. h4 {[%clk 1:08:35]} Be6 {[%clk 0:33:08]} 20. hxg5 {[%clk 1:08:30]}
hxg5 {[%clk 0:33:35]} 21. g3 {[%clk 1:04:32]} Nxf3 {[%clk 0:26:40]} 22. Qg2
{[%clk 1:04:39]} Bxd5 {[%clk 0:25:06]} 23. exd5 {[%clk 1:01:55]} Nce5 {[%clk
0:17:35]} 24. gxf4 {[%clk 1:00:35]} Nh4 {[%clk 0:17:45]} 25. Qxg5 {[%clk
1:00:15]} Nef3 {[%clk 0:16:24]} 26. Qh5 {[%clk 1:00:14]} Rfe8 {[%clk 0:16:44]}
27. Bd3 {[%clk 0:58:53]} Re3 {[%clk 0:14:52]} 28. Rxh4 {[%clk 0:58:39]} Nxh4
{[%clk 0:15:20]} 29. Qxh4 {[%clk 0:59:04]} Rde8 {[%clk 0:15:07]} 30. Rg1 {[%clk
0:58:34]} Kf8 {[%clk 0:15:15]} 31. Kd2 {[%clk 0:58:23]} Bd4 {[%clk 0:11:58]} 32.
Rg2 {[%clk 0:57:04]} R8e7 {[%clk 0:01:28]} 33. f5 {[%clk 0:56:35]} 1-0

[Event "Women's Baku Chess Olympiad"]
[Site "chess24.com"]
[Date "2016.09.10"]
[Round "8"]
[White "Ouellet, Maili-Jade"]
[Black "Drljevic, Ljilja"]
[Result "0-1"]
[Board "4"]
[WhiteID "2620472"]
[WhiteElo "1992"]
[WhiteTitle "WCM"]
[WhiteCountry "CAN"]
[WhiteFideId "2620472"]
[WhiteEloChange "-4"]
[BlackID "928879"]
[BlackElo "2207"]
[BlackTitle "WIM"]
[BlackCountry "SRB"]
[BlackFideId "928879"]
[BlackEloChange "4"]

1. d4 {[%clk 1:30:57]} d6 {[%clk 1:30:58]} 2. c4 {[%clk 1:31:20]} e5 {[%clk
1:31:21]} 3. Nf3 {[%clk 1:31:43]} e4 {[%clk 1:31:31]} 4. Nfd2 {[%clk 1:32:06]} f5
{[%clk 1:31:59]} 5. Nc3 {[%clk 1:32:14]} Nf6 {[%clk 1:32:14]} 6. e3 {[%clk
1:32:36]} Be7 {[%clk 1:32:06]} 7. f3 {[%clk 1:32:18]} exf3 {[%clk 1:32:18]} 8.
Nxf3 {[%clk 1:32:32]} O-O {[%clk 1:32:02]} 9. Bd3 {[%clk 1:32:38]} c6 {[%clk
1:31:27]} 10. O-O {[%clk 1:30:42]} Na6 {[%clk 1:26:41]} 11. b3 {[%clk 1:24:26]}
Nc7 {[%clk 1:25:29]} 12. Qc2 {[%clk 1:24:26]} g6 {[%clk 1:24:54]} 13. Bb2 {[%clk
1:24:31]} d5 {[%clk 1:17:43]} 14. Ne5 {[%clk 1:03:02]} Bd6 {[%clk 0:45:40]} 15.
Ne2 {[%clk 0:57:28]} Qe7 {[%clk 0:33:08]} 16. Rf3 {[%clk 0:50:54]} Ne6 {[%clk
0:13:26]} 17. h4 {[%clk 0:40:28]} Ng4 {[%clk 0:07:51]} 18. g3 {[%clk 0:35:30]}
Ng7 {[%clk 0:02:49]} 19. Nxg4 {[%clk 0:30:31]} fxg4 {[%clk 0:03:16]} 20. Rxf8+
{[%clk 0:30:51]} Qxf8 {[%clk 0:03:28]} 21. Rf1 {[%clk 0:30:39]} Qe7 {[%clk
0:03:50]} 22. e4 {[%clk 0:29:21]} dxe4 {[%clk 0:04:01]} 23. Bxe4 {[%clk 0:29:50]}
Bf5 {[%clk 0:04:08]} 24. Bxf5 {[%clk 0:17:38]} Nxf5 {[%clk 0:04:12]} 25. Bc1
{[%clk 0:12:46]} Re8 {[%clk 0:03:48]} 26. Rxf5 {[%clk 0:09:25]} gxf5 {[%clk
0:03:39]} 27. Qxf5 {[%clk 0:09:26]} Qe6 {[%clk 0:02:20]} 28. Qg5+ {[%clk
0:08:36]} Kf7 {[%clk 0:01:55]} 29. Qh5+ {[%clk 0:05:02]} Qg6 {[%clk 0:01:35]} 30.
Qxg6+ {[%clk 0:05:24]} Kxg6 {[%clk 0:01:55]} 31. Kf2 {[%clk 0:05:22]} Kf5 {[%clk
0:01:52]} 32. Nc3 {[%clk 0:02:10]} Bb4 {[%clk 0:01:25]} 33. Bd2 {[%clk 0:01:29]}
Bxc3 {[%clk 0:01:35]} 34. Bxc3 {[%clk 0:01:58]} Ke4 {[%clk 0:01:55]} 35. Ke2
{[%clk 0:01:40]} Rf8 {[%clk 0:02:05]} 36. Be1 {[%clk 0:00:38]} Kxd4 {[%clk
0:02:07]} 37. Bd2 {[%clk 0:00:32]} Re8+ {[%clk 0:01:47]} 38. Kd1 {[%clk 0:00:34]}
Kd3 {[%clk 0:02:07]} 39. a3 {[%clk 0:00:43]} Re2 {[%clk 0:02:13]} 40. Bf4 {[%clk
0:30:52]} Ra2 {[%clk 0:31:38]} 41. Kc1 {[%clk 0:29:25]} Kc3 {[%clk 0:31:12]} 0-1

[Event "Women's Baku Chess Olympiad"]
[Site "chess24.com"]
[Date "2016.09.10"]
[Round "8"]
[White "Terao, Juliana Sayumi"]
[Black "Tsolakidou, Stavroula"]
[Result "0-1"]
[Board "1"]
[WhiteID "2109220"]
[WhiteElo "2268"]
[WhiteTitle "WIM"]
[WhiteCountry "BRA"]
[WhiteFideId "2109220"]
[WhiteEloChange "-8"]
[BlackID "4264312"]
[BlackElo "2355"]
[BlackTitle "WGM"]
[BlackCountry "GRE"]
[BlackFideId "4264312"]
[BlackEloChange "8"]

1. e4 {[%clk 1:30:58]} c5 {[%clk 1:30:55]} 2. Nf3 {[%clk 1:31:18]} d6 {[%clk
1:31:20]} 3. d4 {[%clk 1:31:35]} cxd4 {[%clk 1:31:44]} 4. Nxd4 {[%clk 1:31:59]}
Nf6 {[%clk 1:32:08]} 5. Nc3 {[%clk 1:32:23]} a6 {[%clk 1:32:33]} 6. Be3 {[%clk
1:32:28]} e5 {[%clk 1:32:51]} 7. Nf3 {[%clk 1:32:49]} Qc7 {[%clk 1:32:56]} 8. a4
{[%clk 1:32:55]} Be7 {[%clk 1:33:11]} 9. Be2 {[%clk 1:32:58]} O-O {[%clk
1:28:22]} 10. O-O {[%clk 1:33:00]} Nbd7 {[%clk 1:26:59]} 11. a5 {[%clk 1:25:28]}
Nc5 {[%clk 1:26:27]} 12. Nd2 {[%clk 1:24:52]} Be6 {[%clk 1:26:16]} 13. Bg5 {[%clk
1:23:35]} Ncd7 {[%clk 1:23:47]} 14. Nb3 {[%clk 1:11:10]} Rac8 {[%clk 1:23:11]}
15. Bf3 {[%clk 0:56:33]} Rfe8 {[%clk 1:21:11]} 16. Re1 {[%clk 0:53:57]} h6 {[%clk
1:18:17]} 17. Be3 {[%clk 0:52:48]} Bf8 {[%clk 1:12:27]} 18. h3 {[%clk 0:49:28]}
Be7 {[%clk 1:05:22]} 19. Re2 {[%clk 0:46:50]} Nf8 {[%clk 0:59:30]} 20. Rd2 {[%clk
0:45:17]} N8h7 {[%clk 0:55:20]} 21. Nc1 {[%clk 0:40:51]} Ng5 {[%clk 0:51:52]} 22.
Bxg5 {[%clk 0:39:44]} hxg5 {[%clk 0:52:17]} 23. N1e2 {[%clk 0:38:35]} g6 {[%clk
0:49:08]} 24. Ng3 {[%clk 0:37:54]} Kg7 {[%clk 0:45:33]} 25. Nf1 {[%clk 0:37:32]}
Rh8 {[%clk 0:36:02]} 26. Ne3 {[%clk 0:31:12]} Rh4 {[%clk 0:28:00]} 27. Ra4 {[%clk
0:18:33]} Qd7 {[%clk 0:20:59]} 28. Ra1 {[%clk 0:15:36]} Rch8 {[%clk 0:14:14]} 29.
Ned5 {[%clk 0:06:23]} g4 {[%clk 0:12:07]} 30. Nxf6 {[%clk 0:06:39]} Kxf6 {[%clk
0:10:51]} 31. g3 {[%clk 0:04:11]} Rxh3 {[%clk 0:09:58]} 32. Bg2 {[%clk 0:04:36]}
Rh2 {[%clk 0:09:46]} 33. Nd5+ {[%clk 0:04:32]} Kg7 {[%clk 0:08:56]} 34. c4 {[%clk
0:03:40]} Bg5 {[%clk 0:07:13]} 35. Rd3 {[%clk 0:03:57]} Qd8 {[%clk 0:05:29]} 36.
c5 {[%clk 0:02:53]} R8h7 {[%clk 0:04:37]} 37. f4 {[%clk 0:01:53]} Qh8 {[%clk
0:03:31]} 38. Qf1 {[%clk 0:01:11]} Rh1+ {[%clk 0:03:43]} 39. Kf2 {[%clk 0:00:56]}
Rxf1+ {[%clk 0:04:05]} 40. Rxf1 {[%clk 0:31:15]} exf4 {[%clk 0:33:51]} 41. cxd6
{[%clk 0:29:59]} f3 {[%clk 0:32:29]} 0-1

[Event "Women's Baku Chess Olympiad"]
[Site "chess24.com"]
[Date "2016.09.10"]
[Round "8"]
[White "Pavlidou, Ekaterini"]
[Black "Alboredo, Julia"]
[Result "0-1"]
[Board "2"]
[WhiteID "4213262"]
[WhiteElo "2140"]
[WhiteTitle "WIM"]
[WhiteCountry "GRE"]
[WhiteFideId "4213262"]
[WhiteEloChange "-10"]
[BlackID "2124807"]
[BlackElo "2135"]
[BlackTitle "WFM"]
[BlackCountry "BRA"]
[BlackFideId "2124807"]
[BlackEloChange "10"]

1. d4 {[%clk 1:30:48]} Nf6 {[%clk 1:30:43]} 2. c4 {[%clk 1:31:02]} g6 {[%clk
1:30:53]} 3. Nc3 {[%clk 1:31:23]} Bg7 {[%clk 1:31:12]} 4. e4 {[%clk 1:31:33]} d6
{[%clk 1:31:29]} 5. Nf3 {[%clk 1:31:51]} O-O {[%clk 1:31:25]} 6. Be2 {[%clk
1:32:11]} e5 {[%clk 1:31:27]} 7. Be3 {[%clk 1:32:32]} exd4 {[%clk 1:31:23]} 8.
Nxd4 {[%clk 1:32:48]} Re8 {[%clk 1:31:26]} 9. f3 {[%clk 1:33:08]} c6 {[%clk
1:31:23]} 10. Bf2 {[%clk 1:32:33]} d5 {[%clk 1:30:32]} 11. exd5 {[%clk 1:31:47]}
cxd5 {[%clk 1:30:46]} 12. c5 {[%clk 1:31:01]} Nc6 {[%clk 1:30:09]} 13. O-O {[%clk
1:28:42]} Re5 {[%clk 1:28:18]} 14. Bb5 {[%clk 1:23:39]} Bd7 {[%clk 1:24:51]} 15.
Bxc6 {[%clk 1:22:10]} Bxc6 {[%clk 1:23:03]} 16. Qd2 {[%clk 1:20:34]} Nh5 {[%clk
1:07:42]} 17. g3 {[%clk 1:11:42]} a5 {[%clk 1:01:25]} 18. Rae1 {[%clk 1:10:43]}
Qd7 {[%clk 0:55:11]} 19. Rxe5 {[%clk 1:06:14]} Bxe5 {[%clk 0:55:31]} 20. f4
{[%clk 1:05:56]} Bg7 {[%clk 0:53:58]} 21. Rd1 {[%clk 0:54:45]} Rd8 {[%clk
0:49:41]} 22. Nxc6 {[%clk 0:51:39]} bxc6 {[%clk 0:49:46]} 23. Ne4 {[%clk
0:48:51]} Rb8 {[%clk 0:44:20]} 24. b3 {[%clk 0:48:06]} Qg4 {[%clk 0:43:49]} 25.
Nd6 {[%clk 0:38:18]} Nxf4 {[%clk 0:42:45]} 26. Re1 {[%clk 0:38:17]} Nh3+ {[%clk
0:42:35]} 27. Kg2 {[%clk 0:38:05]} Ng5 {[%clk 0:37:44]} 28. Qf4 {[%clk 0:36:02]}
Qxf4 {[%clk 0:36:28]} 29. gxf4 {[%clk 0:36:27]} Ne6 {[%clk 0:36:42]} 30. f5
{[%clk 0:34:08]} Nf4+ {[%clk 0:36:11]} 31. Kf3 {[%clk 0:33:42]} Nd3 {[%clk
0:35:22]} 32. Rd1 {[%clk 0:32:17]} Nxf2 {[%clk 0:35:40]} 33. Kxf2 {[%clk
0:32:17]} a4 {[%clk 0:34:36]} 34. Rd3 {[%clk 0:32:10]} axb3 {[%clk 0:34:23]} 35.
axb3 {[%clk 0:32:11]} Be5 {[%clk 0:33:26]} 36. fxg6 {[%clk 0:31:05]} hxg6 {[%clk
0:31:37]} 37. h3 {[%clk 0:31:18]} Kg7 {[%clk 0:28:49]} 38. Ke2 {[%clk 0:30:55]}
Bxd6 {[%clk 0:12:17]} 39. cxd6 {[%clk 0:31:20]} Rd8 {[%clk 0:12:32]} 40. Ke3
{[%clk 1:01:33]} Rxd6 {[%clk 0:42:50]} 41. Kd4 {[%clk 1:01:52]} Re6 {[%clk
0:38:24]} 42. Kc5 {[%clk 1:01:45]} f5 {[%clk 0:37:24]} 43. b4 {[%clk 1:00:51]}
Kf6 {[%clk 0:36:13]} 0-1

[Event "Women's Baku Chess Olympiad"]
[Site "chess24.com"]
[Date "2016.09.10"]
[Round "8"]
[White "Chang, Suzana"]
[Black "Avramidou, Anastasia"]
[Result "1/2-1/2"]
[Board "3"]
[WhiteID "2105985"]
[WhiteElo "2093"]
[WhiteTitle "WFM"]
[WhiteCountry "BRA"]
[WhiteFideId "2105985"]
[WhiteEloChange "5"]
[BlackID "4239873"]
[BlackElo "2273"]
[BlackTitle "WFM"]
[BlackCountry "GRE"]
[BlackFideId "4239873"]
[BlackEloChange "-5"]

1. e4 {[%clk 1:30:56]} c5 {[%clk 1:30:55]} 2. Nf3 {[%clk 1:31:22]} e6 {[%clk
1:31:20]} 3. d4 {[%clk 1:31:47]} cxd4 {[%clk 1:31:45]} 4. Nxd4 {[%clk 1:32:11]}
Nf6 {[%clk 1:32:09]} 5. Nc3 {[%clk 1:32:31]} d6 {[%clk 1:32:35]} 6. Be2 {[%clk
1:32:49]} Be7 {[%clk 1:32:59]} 7. O-O {[%clk 1:33:12]} O-O {[%clk 1:33:25]} 8. f4
{[%clk 1:33:29]} a6 {[%clk 1:33:32]} 9. Kh1 {[%clk 1:33:47]} Nc6 {[%clk 1:33:59]}
10. Be3 {[%clk 1:34:06]} Bd7 {[%clk 1:31:36]} 11. Qe1 {[%clk 1:33:32]} Qb8 {[%clk
1:29:56]} 12. Qg3 {[%clk 1:31:53]} Rc8 {[%clk 1:27:16]} 13. Rae1 {[%clk 1:29:13]}
Bf8 {[%clk 1:20:06]} 14. Bd3 {[%clk 1:28:53]} Nb4 {[%clk 1:19:40]} 15. f5 {[%clk
1:21:55]} Nxd3 {[%clk 1:09:02]} 16. cxd3 {[%clk 1:21:05]} Kh8 {[%clk 0:49:14]}
17. fxe6 {[%clk 0:58:28]} fxe6 {[%clk 0:47:01]} 18. e5 {[%clk 0:47:35]} dxe5
{[%clk 0:44:12]} 19. Nf3 {[%clk 0:45:19]} Bd6 {[%clk 0:22:32]} 20. Ng5 {[%clk
0:42:24]} Be8 {[%clk 0:22:01]} 21. Nxe6 {[%clk 0:39:59]} Bg6 {[%clk 0:19:41]} 22.
Ne4 {[%clk 0:24:10]} Nxe4 {[%clk 0:16:25]} 23. dxe4 {[%clk 0:24:29]} Re8 {[%clk
0:16:50]} 24. Nc5 {[%clk 0:17:58]} Qc7 {[%clk 0:10:45]} 25. Rc1 {[%clk 0:17:59]}
Qc6 {[%clk 0:10:32]} 26. Qg4 {[%clk 0:10:49]} Qb5 {[%clk 0:05:51]} 27. b3 {[%clk
0:08:00]} Rac8 {[%clk 0:00:58]} 28. a4 {[%clk 0:05:32]} Qb4 {[%clk 0:01:26]} 29.
Rc4 {[%clk 0:05:37]} Qb6 {[%clk 0:00:45]} 30. b4 {[%clk 0:03:11]} Qc6 {[%clk
0:00:34]} 31. a5 {[%clk 0:03:18]} Qb5 {[%clk 0:00:35]} 32. Rfc1 {[%clk 0:03:16]}
Rf8 {[%clk 0:00:36]} 33. h4 {[%clk 0:03:30]} Bf7 {[%clk 0:00:32]} 34. R4c2 {[%clk
0:02:36]} Rcd8 {[%clk 0:00:36]} 35. Bg5 {[%clk 0:00:42]} Rde8 {[%clk 0:00:47]}
36. Qd7 {[%clk 0:00:47]} Qxd7 {[%clk 0:00:34]} 37. Nxd7 {[%clk 0:01:15]} Rg8
{[%clk 0:00:59]} 38. Nc5 {[%clk 0:01:16]} h6 {[%clk 0:00:41]} 39. Bd2 {[%clk
0:00:43]} Re7 {[%clk 0:00:34]} 40. Kg1 {[%clk 0:30:35]} Bg6 {[%clk 0:30:36]} 41.
Be3 {[%clk 0:27:04]} Rf7 {[%clk 0:26:57]} 42. Rf2 {[%clk 0:23:28]} Rc7 {[%clk
0:16:24]} 43. Rd1 {[%clk 0:19:24]} Be7 {[%clk 0:15:46]} 44. g3 {[%clk 0:19:34]}
Bxc5 {[%clk 0:13:36]} 45. Bxc5 {[%clk 0:19:53]} Bxe4 {[%clk 0:14:02]} 46. Re1
{[%clk 0:20:13]} Bc6 {[%clk 0:14:28]} 47. Rxe5 {[%clk 0:20:32]} Rd7 {[%clk
0:14:37]} 48. Rfe2 {[%clk 0:19:21]} Kh7 {[%clk 0:12:36]} 49. Re7 {[%clk 0:17:18]}
Rgd8 {[%clk 0:11:47]} 50. Rxd7 {[%clk 0:17:33]} Rxd7 {[%clk 0:12:13]} 51. Re7
{[%clk 0:16:09]} Rd3 {[%clk 0:11:00]} 52. Re3 {[%clk 0:16:31]} Rd2 {[%clk
0:10:50]} 53. Kf1 {[%clk 0:16:11]} Rh2 {[%clk 0:06:36]} 54. Ke1 {[%clk 0:15:33]}
Rh1+ {[%clk 0:05:34]} 55. Kd2 {[%clk 0:15:49]} Rh2+ {[%clk 0:05:44]} 1/2-1/2

[Event "Women's Baku Chess Olympiad"]
[Site "chess24.com"]
[Date "2016.09.10"]
[Round "8"]
[White "Markantonaki, Haritomeni"]
[Black "Medeiros,Thauane Ferreira"]
[Result "1/2-1/2"]
[Board "4"]
[WhiteID "4207050"]
[WhiteElo "2188"]
[WhiteTitle "WFM"]
[WhiteCountry "GRE"]
[WhiteFideId "4207050"]
[WhiteEloChange "-4"]
[BlackID "2134470"]
[BlackElo "2030"]
[BlackCountry "BRA"]
[BlackFideId "2134470"]
[BlackEloChange "4"]

1. e4 {[%clk 1:30:57]} c6 {[%clk 1:30:52]} 2. d4 {[%clk 1:31:11]} d5 {[%clk
1:31:11]} 3. e5 {[%clk 1:31:20]} g6 {[%clk 1:30:21]} 4. c4 {[%clk 1:30:46]} Bg7
{[%clk 1:27:35]} 5. Nc3 {[%clk 1:31:08]} Be6 {[%clk 1:24:41]} 6. cxd5 {[%clk
1:26:38]} Bxd5 {[%clk 1:23:40]} 7. Nxd5 {[%clk 1:25:49]} Qxd5 {[%clk 1:22:36]} 8.
Nf3 {[%clk 1:19:29]} Nh6 {[%clk 1:13:37]} 9. Be2 {[%clk 1:15:30]} O-O {[%clk
1:12:27]} 10. O-O {[%clk 1:15:51]} Rd8 {[%clk 1:10:48]} 11. Qc2 {[%clk 1:12:07]}
Nf5 {[%clk 0:40:37]} 12. Rd1 {[%clk 1:11:01]} e6 {[%clk 0:38:09]} 13. Bg5 {[%clk
1:04:25]} Rc8 {[%clk 0:38:15]} 14. h4 {[%clk 0:54:14]} Qd7 {[%clk 0:30:18]} 15.
Qe4 {[%clk 0:45:45]} Qe8 {[%clk 0:27:12]} 16. Nh2 {[%clk 0:41:43]} Nd7 {[%clk
0:20:50]} 17. Ng4 {[%clk 0:39:19]} h6 {[%clk 0:17:33]} 18. Bd2 {[%clk 0:28:08]}
Qe7 {[%clk 0:13:15]} 19. h5 {[%clk 0:23:38]} gxh5 {[%clk 0:11:17]} 20. Ne3 {[%clk
0:23:35]} Qh4 {[%clk 0:10:19]} 21. Qxh4 {[%clk 0:21:45]} Nxh4 {[%clk 0:10:47]}
22. Bxh5 {[%clk 0:18:34]} c5 {[%clk 0:06:53]} 23. Bc3 {[%clk 0:16:36]} Ng6 {[%clk
0:06:59]} 24. dxc5 {[%clk 0:15:07]} Ndxe5 {[%clk 0:06:22]} 25. Bxg6 {[%clk
0:11:53]} Nxg6 {[%clk 0:06:07]} 26. Bxg7 {[%clk 0:11:57]} Kxg7 {[%clk 0:06:36]}
27. b4 {[%clk 0:12:21]} Rc7 {[%clk 0:06:08]} 28. g3 {[%clk 0:11:24]} Rac8 {[%clk
0:04:28]} 29. Rd6 {[%clk 0:11:15]} Rc6 {[%clk 0:03:40]} 30. Rd7 {[%clk 0:10:31]}
R6c7 {[%clk 0:03:55]} 31. Rad1 {[%clk 0:10:42]} Ne5 {[%clk 0:04:04]} 32. Rxc7
{[%clk 0:07:55]} Rxc7 {[%clk 0:04:32]} 33. a3 {[%clk 0:07:40]} Nd7 {[%clk
0:01:15]} 34. Kg2 {[%clk 0:06:16]} Nf6 {[%clk 0:01:34]} 35. Kf3 {[%clk 0:06:13]}
Rc6 {[%clk 0:01:15]} 36. Nc4 {[%clk 0:05:10]} Nd5 {[%clk 0:01:10]} 37. Ne5 {[%clk
0:05:10]} Rc7 {[%clk 0:01:03]} 38. Rc1 {[%clk 0:05:08]} b6 {[%clk 0:00:40]} 39.
cxb6 {[%clk 0:02:19]} axb6 {[%clk 0:00:36]} 40. Rxc7 {[%clk 0:32:21]} Nxc7 {[%clk
0:31:05]} 41. a4 {[%clk 0:28:08]} f6 {[%clk 0:23:55]} 42. Nd7 {[%clk 0:25:46]} b5
{[%clk 0:22:57]} 43. axb5 {[%clk 0:21:33]} Nxb5 {[%clk 0:23:25]} 44. Nc5 {[%clk
0:20:03]} Kf7 {[%clk 0:22:49]} 45. Ke4 {[%clk 0:20:18]} Ke7 {[%clk 0:22:35]} 46.
Nb3 {[%clk 0:19:27]} Kd6 {[%clk 0:21:03]} 47. g4 {[%clk 0:15:43]} Nc3+ {[%clk
0:19:00]} 48. Kd3 {[%clk 0:13:56]} Nd5 {[%clk 0:18:22]} 49. b5 {[%clk 0:13:57]}
f5 {[%clk 0:16:56]} 50. gxf5 {[%clk 0:06:41]} exf5 {[%clk 0:17:24]} 51. Nd4
{[%clk 0:06:50]} 1/2-1/2

[Event "Women's Baku Chess Olympiad"]
[Site "chess24.com"]
[Date "2016.09.10"]
[Round "8"]
[White "Li, Ruofan"]
[Black "Abdulla, Khayala"]
[Result "1-0"]
[Board "1"]
[WhiteID "8600643"]
[WhiteElo "2353"]
[WhiteTitle "IM"]
[WhiteCountry "SIN"]
[WhiteFideId "8600643"]
[WhiteEloChange "6"]
[BlackID "13401807"]
[BlackElo "2214"]
[BlackTitle "WGM"]
[BlackCountry "AZE"]
[BlackFideId "13401807"]
[BlackEloChange "-6"]

1. Nf3 {[%clk 1:30:56]} Nf6 {[%clk 1:30:48]} 2. c4 {[%clk 1:31:19]} c5 {[%clk
1:26:56]} 3. Nc3 {[%clk 1:31:08]} e6 {[%clk 1:24:49]} 4. d4 {[%clk 1:31:01]} cxd4
{[%clk 1:22:56]} 5. Nxd4 {[%clk 1:31:24]} a6 {[%clk 1:20:45]} 6. g3 {[%clk
1:30:58]} Qc7 {[%clk 1:17:02]} 7. Bg2 {[%clk 1:26:45]} Qxc4 {[%clk 1:05:58]} 8.
Bf4 {[%clk 1:18:33]} Nc6 {[%clk 0:59:41]} 9. Nb3 {[%clk 1:15:52]} d5 {[%clk
0:46:12]} 10. Rc1 {[%clk 0:57:51]} Qb4 {[%clk 0:40:32]} 11. a3 {[%clk 0:49:50]}
Qb6 {[%clk 0:39:36]} 12. e4 {[%clk 0:46:12]} dxe4 {[%clk 0:32:33]} 13. Nxe4
{[%clk 0:46:37]} Nxe4 {[%clk 0:30:13]} 14. Bxe4 {[%clk 0:46:56]} Be7 {[%clk
0:19:23]} 15. Be3 {[%clk 0:41:40]} Qb5 {[%clk 0:17:05]} 16. Rxc6 {[%clk 0:38:13]}
bxc6 {[%clk 0:17:03]} 17. Nd4 {[%clk 0:38:38]} Qa5+ {[%clk 0:15:57]} 18. b4
{[%clk 0:35:24]} Qd8 {[%clk 0:12:02]} 19. Qh5 {[%clk 0:24:40]} Bd7 {[%clk
0:06:18]} 20. Nxc6 {[%clk 0:18:12]} Bxc6 {[%clk 0:04:42]} 21. Bxc6+ {[%clk
0:18:37]} Kf8 {[%clk 0:05:10]} 22. Bxa8 {[%clk 0:18:07]} Qxa8 {[%clk 0:05:39]}
23. O-O {[%clk 0:18:29]} h6 {[%clk 0:04:50]} 24. Rd1 {[%clk 0:11:27]} Qb7 {[%clk
0:03:48]} 25. Bc5 {[%clk 0:07:43]} Bxc5 {[%clk 0:02:02]} 26. Rd8+ {[%clk
0:07:16]} Ke7 {[%clk 0:02:31]} 27. Rxh8 {[%clk 0:07:41]} Bb6 {[%clk 0:01:11]} 28.
Rg8 {[%clk 0:06:20]} Qa7 {[%clk 0:00:50]} 29. Rxg7 {[%clk 0:06:04]} Bxf2+ {[%clk
0:00:39]} 30. Kf1 {[%clk 0:05:58]} Ke8 {[%clk 0:00:35]} 31. Rxf7 {[%clk 0:03:45]}
Qxf7 {[%clk 0:00:45]} 32. Qxf7+ {[%clk 0:04:11]} Kxf7 {[%clk 0:01:13]} 33. Kxf2
{[%clk 0:04:37]} Kf6 {[%clk 0:00:40]} 34. Ke3 {[%clk 0:04:39]} Ke5 {[%clk
0:01:10]} 35. g4 {[%clk 0:04:56]} Kd5 {[%clk 0:00:57]} 36. h4 {[%clk 0:05:22]}
Ke5 {[%clk 0:01:00]} 37. a4 {[%clk 0:05:42]} Kd5 {[%clk 0:00:51]} 38. g5 {[%clk
0:05:46]} hxg5 {[%clk 0:00:49]} 39. hxg5 {[%clk 0:06:12]} e5 {[%clk 0:00:53]} 40.
b5 {[%clk 0:36:29]} axb5 {[%clk 0:31:02]} 41. axb5 {[%clk 0:36:49]} Kc5 {[%clk
0:29:28]} 42. g6 {[%clk 0:37:14]} Kd5 {[%clk 0:29:28]} 1-0

[Event "Women's Baku Chess Olympiad"]
[Site "chess24.com"]
[Date "2016.09.10"]
[Round "8"]
[White "Khalafova, Narmin"]
[Black "Gong, Qianyun"]
[Result "1-0"]
[Board "2"]
[WhiteID "13402625"]
[WhiteElo "2219"]
[WhiteTitle "WIM"]
[WhiteCountry "AZE"]
[WhiteFideId "13402625"]
[WhiteEloChange "11"]
[BlackID "8602425"]
[BlackElo "2262"]
[BlackTitle "WIM"]
[BlackCountry "SIN"]
[BlackFideId "8602425"]
[BlackEloChange "-11"]

1. e4 {[%clk 1:30:30]} e6 {[%clk 1:30:53]} 2. d4 {[%clk 1:30:54]} d5 {[%clk
1:31:20]} 3. Nd2 {[%clk 1:31:21]} Nf6 {[%clk 1:31:45]} 4. e5 {[%clk 1:31:47]}
Nfd7 {[%clk 1:32:11]} 5. Bd3 {[%clk 1:32:14]} c5 {[%clk 1:32:36]} 6. c3 {[%clk
1:32:40]} b6 {[%clk 1:33:02]} 7. a4 {[%clk 1:24:51]} Ba6 {[%clk 1:33:00]} 8. Bb5
{[%clk 1:24:47]} Bb7 {[%clk 1:33:24]} 9. Ngf3 {[%clk 1:20:54]} Be7 {[%clk
1:33:35]} 10. O-O {[%clk 1:17:21]} a6 {[%clk 1:33:04]} 11. Bd3 {[%clk 1:12:15]}
Nc6 {[%clk 1:33:18]} 12. Re1 {[%clk 1:09:44]} cxd4 {[%clk 1:33:27]} 13. cxd4
{[%clk 1:10:02]} Nb4 {[%clk 1:33:52]} 14. Bb1 {[%clk 1:09:43]} a5 {[%clk
1:28:18]} 15. Nf1 {[%clk 1:07:06]} Ba6 {[%clk 1:28:31]} 16. Ng3 {[%clk 1:01:58]}
Rc8 {[%clk 1:27:46]} 17. Ra3 {[%clk 0:59:40]} Nc6 {[%clk 1:00:29]} 18. Rae3
{[%clk 0:55:20]} g5 {[%clk 0:58:36]} 19. h3 {[%clk 0:50:03]} h5 {[%clk 0:39:55]}
20. Nh2 {[%clk 0:35:17]} Bb4 {[%clk 0:39:11]} 21. Bd2 {[%clk 0:24:56]} Bxd2
{[%clk 0:39:23]} 22. Qxd2 {[%clk 0:25:23]} g4 {[%clk 0:39:06]} 23. Ne2 {[%clk
0:17:30]} Rg8 {[%clk 0:37:14]} 24. Bd3 {[%clk 0:12:23]} Bb7 {[%clk 0:22:12]} 25.
Rg3 {[%clk 0:08:44]} Nb4 {[%clk 0:18:29]} 26. Nc3 {[%clk 0:08:17]} Bc6 {[%clk
0:11:25]} 27. hxg4 {[%clk 0:07:22]} hxg4 {[%clk 0:11:16]} 28. Rxg4 {[%clk
0:06:25]} Rxg4 {[%clk 0:10:58]} 29. Nxg4 {[%clk 0:06:52]} Qh4 {[%clk 0:11:26]}
30. Be2 {[%clk 0:05:15]} Ke7 {[%clk 0:03:53]} 31. g3 {[%clk 0:03:46]} Qh5 {[%clk
0:03:33]} 32. Nf6 {[%clk 0:03:48]} Qg6 {[%clk 0:04:02]} 33. Nxd7 {[%clk 0:02:44]}
Bxd7 {[%clk 0:04:24]} 34. Rc1 {[%clk 0:02:25]} Rh8 {[%clk 0:04:34]} 35. Qf4
{[%clk 0:02:30]} Kf8 {[%clk 0:04:01]} 36. Rd1 {[%clk 0:02:10]} Qh7 {[%clk
0:04:12]} 37. Bf3 {[%clk 0:02:25]} Nd3 {[%clk 0:04:40]} 38. Qd2 {[%clk 0:02:36]}
Nb4 {[%clk 0:03:56]} 39. Bg2 {[%clk 0:02:50]} Qf5 {[%clk 0:04:01]} 40. Qe2 {[%clk
0:31:48]} Kg7 {[%clk 0:33:15]} 41. Qf3 {[%clk 0:25:50]} Qg5 {[%clk 0:30:45]} 42.
Bf1 {[%clk 0:21:09]} Rc8 {[%clk 0:21:59]} 43. Be2 {[%clk 0:18:10]} Nc2 {[%clk
0:16:51]} 44. Kg2 {[%clk 0:14:49]} Be8 {[%clk 0:13:58]} 45. Ba6 {[%clk 0:11:59]}
Rc7 {[%clk 0:14:02]} 46. Bb5 {[%clk 0:11:51]} Bc6 {[%clk 0:14:17]} 47. Bxc6
{[%clk 0:10:26]} Rxc6 {[%clk 0:14:46]} 48. Nb5 {[%clk 0:10:46]} Qg6 {[%clk
0:14:17]} 49. Nd6 {[%clk 0:10:38]} Kf8 {[%clk 0:11:38]} 50. Qf4 {[%clk 0:09:23]}
Nb4 {[%clk 0:07:08]} 51. Rh1 {[%clk 0:07:00]} Kg8 {[%clk 0:06:47]} 52. Qh4 {[%clk
0:06:51]} 1-0